<?xml version="1.0" encoding="UTF-8"?>
<record
    xmlns:xsi="http://www.w3.org/2001/XMLSchema-instance"
    xsi:schemaLocation="http://www.loc.gov/MARC21/slim http://www.loc.gov/standards/marcxml/schema/MARC21slim.xsd"
    xmlns="http://www.loc.gov/MARC21/slim">

  <leader>00440nam a2200133Ia 4500</leader>
  <controlfield tag="008">200924s9999    xx            000 0 und d</controlfield>
  <datafield tag="020" ind1=" " ind2=" ">
    <subfield code="a">978-621-8070-42-4</subfield>
  </datafield>
  <datafield tag="100" ind1=" " ind2=" ">
    <subfield code="a">Cabigan, Ma. Victoria A.</subfield>
  </datafield>
  <datafield tag="245" ind1=" " ind2=" ">
    <subfield code="c">Ma. Victoria A. Cabigan, Mary Jane D. Fuentes, Ernesto Thaddeus Solmerano</subfield>
    <subfield code="a">Re-reading Rizal/</subfield>
  </datafield>
  <datafield tag="260" ind1=" " ind2=" ">
    <subfield code="a">Manila:</subfield>
    <subfield code="b">Fastbooks</subfield>
    <subfield code="c">2019</subfield>
  </datafield>
  <datafield tag="300" ind1=" " ind2=" ">
    <subfield code="a">xx, 444 pages</subfield>
    <subfield code="c">25 cm.</subfield>
  </datafield>
  <datafield tag="650" ind1=" " ind2=" ">
    <subfield code="a">Philippines</subfield>
  </datafield>
  <datafield tag="650" ind1=" " ind2=" ">
    <subfield code="a">Rizal, Jose, 1861-1896</subfield>
  </datafield>
  <datafield tag="999" ind1=" " ind2=" ">
    <subfield code="c">364465</subfield>
    <subfield code="d">364465</subfield>
  </datafield>
  <datafield tag="952" ind1=" " ind2=" ">
    <subfield code="0">0</subfield>
    <subfield code="1">0</subfield>
    <subfield code="4">0</subfield>
    <subfield code="a">CL</subfield>
    <subfield code="b">CL</subfield>
    <subfield code="c">FIL</subfield>
    <subfield code="d">2020-09-24</subfield>
    <subfield code="e">Library fund</subfield>
    <subfield code="l">2</subfield>
    <subfield code="o">DS 675.8 .C115 2019</subfield>
    <subfield code="p">C22574</subfield>
    <subfield code="r">2024-10-15 00:00:00</subfield>
    <subfield code="s">2024-10-08</subfield>
    <subfield code="w">2020-09-24</subfield>
    <subfield code="y">BK</subfield>
  </datafield>
</record>
